000 00648aas a2200193 4500
999 _c61482
_d61482
001 768714001
003 CO-MdFUSB
005 20170831115611.0
008 170831s2006 xxu||||| |||| 00| 0 eng d
022 _a0120-3649
040 _aCO-MdFUSB
_bspa
_cCO-MdFUSB
_dCO-MdFUSB
041 _aeng
100 1 _aGroh, Dennis E.
_eautor
245 1 0 _aThe road more traveled :
_bthe onomasticon of Eusebius
_c/ Groh, Dennis E.
300 _aVolumen 32. Número 2 (2006), páginas 54-59
_c: 28 cm.
546 _aTexto en inglés
773 0 _tBiblical Archaeology Review
_049395
_959449
_gVolumen 32. Número 2 (2006), páginas 54-59
_qPágina 54
942 _cANA